[Event "UKR-ch U18 Girls"]
[Site "Lvov"]
[Date "2004.02.26"]
[Round "9"]
[White "Karchevska, Lesia"]
[Black "Yushko, Olga"]
[Result "0-1"]
[WhiteElo "2116"]
[BlackElo "2016"]
[PlyCount "96"]
[EventDate "2004.02.18"]
[EventType "tourn"]
[EventRounds "11"]
[EventCountry "UKR"]
[SourceTitle "EXT 2008"]
[Source "ChessBase"]
[SourceDate "2007.11.25"]
[SourceVersion "1"]
[SourceVersionDate "2007.11.25"]
[SourceQuality "1"]

1. e4 e6 2. d4 d5 3. Nd2 Nc6 4. c3 Nf6 5. e5 Nd7 6. Ndf3 f6 7. exf6 Nxf6 8. Bf4 Be7 9. Bd3 0-0 10. Ne2 Bd6 11. Bg3 Qe7 12. Qc2 e5 13. dxe5 Nxe5 14. Nxe5 Bxe5 15. 0-0 Bxg3 16. hxg3 Qf7 17. Nf4 g5 18. Nh3 g4 19. Nf4 Nh5 20. Rae1 Nxf4 21. gxf4 Qxf4 22. Bxh7+ Kh8 23. Re7 g3 24. Bd3 Bf5 25. Bxf5 Rxf5 26. Qe2 Raf8 27. Re3 gxf2+ 28. Kh1 Kg7 29. Rh3 Rh8 30. Qe7+ Rf7 31. Qe6 Rxh3+ 32. Qxh3 c6 33. Qh2 Qe3 34. Qh3 Qe2 35. Qg3+ Kf8 36. Qd6+ Ke8 37. Qb8+ Ke7 38. Qc7+ Ke6 39. Qc8+ Kd6 40. Qd8+ Kc5 41. Qa5+ b5 42. Qb4+ Kb6 43. Qd4+ c5 44. Rxf2 Qh5+ 45. Kg1 cxd4 46. Rxf7 Qxf7 47. cxd4 Qf4 48. a3 Qxd4+ 0-1